LEADER 01028nam a2200205 4500 001 000000341550 003 CaOOAMICUS 005 20200817143036.0 008 200817s1833 it a 000 u ita r 040 $aSeMil$bita 245 00$aTomo 4. Parte 2. 264 1$aVenezia :$bG. Antonelli,$c1833. 300 $aP. 1081-2446 ;$c8° 773 0 $tNuovo dizionario geografico universale statistico-storico-commerciale compilato sulle grandi opere di Arrowsmith, Busching, Balbi, ... e di altri autori d'ogni eta e d'ogni nazione. Conforme alle ultime politiche transazioni e alle piu recenti scoperte ... Tomo 1. [- 4. parte 2.].$dVenezia : Dai tipi di Giuseppe Antonelli ed. librajo-calcografo, 1826-1833.$g4.2.2$w()341540 850 $aSeMil 852 $aSeMil$W1$xVenegono$y1$m3XG IV 10 FA$j220731$B232553$CSeMilBibl$Z2$F232553 $8I 941 1 $a10 996 $6245$aTomo 4. Parte 2$9(OLS)http://semarc/title/318341 996 $6264$aVenezia :$bG. Antonelli$9(OLS)http://semarc/publisher/37146 LEADER 01144nam a2200241 i 4500 001 000000181839 003 CaOOAMICUS 005 20220701123954.0 008 090923s1953 it u000 u syr u 013 $a159757 040 $aSeMil$bita 245 10$a1.2: [Textus]. 300 $aIV, 224 p. ;$c25 cm 490 0 $aCorpus Scriptorum Christianorum Orientalium ;$vVol.84. , Scriptores Syri : Tomus 39 490 0 $aCorpus Scriptorum Christianorum Orientalium. Scriptores Syri ;$v39 773 0 $aZacharias : Scholasticus$tHistoria ecclesiastica.$dLouvain : Imprimerie Orientaliste, 1953.$kCorpus Scriptorum Christianorum Orientalium. Scriptores Syri$w()22058 830 0$aCorpus Scriptorum Christianorum Orientalium ;$vVol.84. , Scriptores Syri : Tomus 39.$0(OLS)http://semarc/title/77 830 0$aCorpus Scriptorum Christianorum Orientalium. Scriptores Syri ;$v39.$0(OLS)http://semarc/title/9544 850 $aSeMil 852 $aSeMil$W1$xVenegono$y1$m2S III 84$j132543$B132543$CSeMilBibl$Z2$F144385 $81 961 $aOmaggio: Altro 996 $6245$a1.2: [Textus]$9(OLS)http://semarc/title/440543